000 00847nam a2200253 a 4500
001 000010705
005 20250509170321.0
008 091009s1983 dr 000 0 spa d
040 _aDO-SdBNP
082 _a370
_bM826i
100 1 _aMoquete, Jacobo
_925913
245 1 0 _aIntroducción a la educación :
_bpedagogía general /
_cJacobo Moquete.
250 _a8va. ed.
260 _aSanto Domingo :
_bAlfa y Omega,
_c1983.
300 _a211 p. ;
_c22 cm.
490 1 _aEducación y Sociedad
_v8
490 1 _aUniversidad Autónoma de Santo Domingo
_v268
500 _aIncluye datos biográficos del autor en la contracubierta
500 _aIncluye notas al pie de las páginas
650 0 _aEducación
_951588
830 0 _aEducación y Sociedad
_n8
_925914
830 0 _aUniversidad Autónoma de Santo Domingo
_v268
_917164
049 _aBNPD
999 _c10460
_d10460